000 00600nam a22001817a 4500
999 _c184497
_d184497
005 20220121111908.0
010 _aENG-131295
020 _a978-93-90389-94-0
_c175.00
035 _aEN-114827
037 _bDBAD
082 _a000
100 _aVerma, Rajesh
245 _aIntelligence Bureau (IB):
_bAssistant Central Intelligence Officer Grade-II/Executive/
_cRajesh Verma
260 _aNew Delhi
_bPrabhat Exam
_c2019
270 _bNew Delhi
_a4/19, Asaf Ali Road
_e110002
_k23289555, 23289666
_mprabhatbook@gmail.com
300 _a180p.
_c28cm(pbk)
942 _2ddc
_cEN
_h000
_mVER